000 01310nam2a2200289 4500
001 RU\NLR\bibl\970168
005 20250614211120.0
010 _a5-8399-0150-4
_91000
021 _aRU
_b2006-32828
_91640
035 _a(NLR Aleph) 000958134
090 _a322254
_c322254
100 _a20060724d2005 |||y0rusy50 ca
101 0 _arus
102 _aRU
105 _aa |||||||||
200 0 _aТ. 5
210 _d2005
_aБ. м.
215 _a387 с.
_cил.
320 _aБиблиогр. в конце ст. и в подстроч. прим.
461 0 _1001RU\NLR\bibl\972339
_12001#$aБудущее России: перспективы и стратегии развития$vТ. 5
_9335153
_cКазань
_d2005
_f[пред. редкол. - проф. В.Г. Тимирясов]
_nТаглимат
_oВсероссийская научно-практическая конференция, 2 декабря 2004 года, [г. Казань]
_tБудущее России: перспективы и стратегии развития
_vТ. 5
606 1 _aОбщественные науки
_jСъезды, совещания и т.п.
_91112139
_3RU\NLR\auth\66119728
686 _aС.я431
801 0 _aRU
_bNLR
_c20060724
_grcr
801 1 _aRU
_bNLR
_c20060724
942 _cBOOK
980 _aNB